Nicander of Colophon's Theriaca : a literary commentary /
In modern times the Theriaca of Nicander of Colophon (2nd century BCE) has not attracted many enthusiasts. Its complicated style, abstruse diction and technical subject matter - venomous bites and their remedies - have long put off classical scholars. In the wake of renewed interest in Hellenistic p...
Main Author:
Format: eBook
Language: English
Published:
Leiden ; Boston :
Brill,
2014.
Series:
Mnemosyne, Supplements
374.
Mnemosyne Supplements Online, Volumes 204-407, ISBN: 9789004322288.
Subjects:
Online Access: Login to view Source
Tags: Add Tag
Call Number: PA4250.N2 T536 2014
| LEADER | 02621nam a2200457 i 4500 | ||
|---|---|---|---|
| 001 | BRILL9789004283602 | ||
| 003 | nllekb | ||
| 005 | 20230529210948.0 | ||
| 006 | m d | ||
| 007 | cr un uuuua | ||
| 008 | 140902s2014 ne sb 001 0 eng d | ||
| 010 | |a 2014035096 | ||
| 020 | |a 9789004283602 |q (electronic book) | ||
| 020 | |z 9789004271210 |q (print) | ||
| 024 | 7 | |a 10.1163/9789004283602 |2 DOI | |
| 040 | |a NL-LeKB |c NL-LeKB |e rda | ||
| 050 | 4 | |a PA4250.N2 |b T536 2014 | |
| 072 | 7 | |a DSBB |2 bicssc | |
| 072 | 7 | |a LIT011000 |2 bisacsh | |
| 082 | 0 | 4 | |a 881/.01 |2 23 |
| 100 | 1 | |a Overduin, Floris, |d 1977- | |
| 245 | 1 | 0 | |a Nicander of Colophon's Theriaca : |b a literary commentary / |c by Floris Overduin. |
| 264 | 1 | |a Leiden ; |a Boston : |b Brill, |c 2014. | |
| 300 | |a 1 online resource. | ||
| 336 | |a text |b txt |2 rdacontent | ||
| 337 | |a computer |b c |2 rdamedia | ||
| 338 | |a online resource |2 rdacarrier | ||
| 490 | 1 | |a Mnemosyne supplements ; |v v. 374 | |
| 504 | |a Includes bibliographical references and index. | ||
| 505 | 0 | 0 | |a Front Matter -- Introduction -- Νικάνδρου Θηριακά -- Commentary -- Appendices -- Bibliography -- Indexes. |
| 506 | |a Available to subscribing member institutions only. | ||
| 520 | |a In modern times the Theriaca of Nicander of Colophon (2nd century BCE) has not attracted many enthusiasts. Its complicated style, abstruse diction and technical subject matter - venomous bites and their remedies - have long put off classical scholars. In the wake of renewed interest in Hellenistic poetry, however, Nicander's dark poetry deserves new appreciation. In this book Floris Overduin provides a literary commentary on the Theriaca , focusing on Nicander's artistic merits. Viewed against the background of Alexandrian aesthetics and the didactic epic tradition, Nicander deserves pride of place among his Hellenistic peers. This book, the first full commentary in English, may thus contribute to the reappraisal of Nicander's Theriaca as a work of literature, not science. | ||
| 559 | 4 | |a PA4250.N2 T536 2014 | |
| 600 | 0 | 0 | |a Nicander, |c of Colophon. |t Theriaca. |
| 776 | 0 | 8 | |i Print version: |t Nicander of Colophon's Theriaca: A Literary Commentary |d Leiden, Boston : BRILL, 2015, |z 9789004271210 |
| 830 | 0 | |a Mnemosyne, Supplements |v 374. | |
| 830 | 0 | |a Mnemosyne Supplements Online, Volumes 204-407, ISBN: 9789004322288. | |
| 856 | 4 | |z DOI: |u http://dx.doi.org/10.1163/9789004283602 | |
| 942 | |2 lcc |c EBOOK | ||
| 952 | |0 0 |1 0 |2 lcc |4 0 |6 PA4250 N2 T536 02014 |7 1 |9 48150 |a BRILL |b BRILL |d 2023-05-29 |l 0 |o PA4250.N2 T536 2014 |r 2023-05-29 00:00:00 |w 2023-05-29 |y EBOOK | ||
| 999 | |c 53494 |d 53494 | ||
